000 01078nam a22002537a 4500
005 20250529103858.0
008 250321b |||||||| |||| 00| 0 eng d
020 _a978-93-48157-12-6 (pbk)
037 _cTB
040 _aCRL
_cCRL
041 _2hin
_ahin
084 _aO168,6N34x 152R5
_qCRL
100 _aगुलज़ार
_9811006
245 _aबोसकीयाना
260 _aनई दिल्ली, भारत:
_bराधाकृष्ण पेपरबैकस,
_c2025
300 _a251पृ0
365 _b399.00
_cINR
546 _aTranslated from Urdu to Hindi
650 _2उर्दू साहित्य
650 _aउर्दू निबंध
_9811007
700 _aव्यास, यशवंत (लेखक)
_9811008
942 _2CC
_cTB
_hO168,6N34x 152R5
_n0
999 _c1269195
_d1269195